|
|
|
|
| LEADER |
00000nam0a2200000 4500 |
| 001 |
193596 |
| 005 |
20231031182010.0 |
| 020 |
|
|
|a RU
|b 81-7953
|
| 035 |
|
|
|a (RuTPU)RU\TPU\book\211140
|
| 090 |
|
|
|a 193596
|
| 100 |
|
|
|a 20110324d1981 k a0rusy5003 ca
|
| 101 |
0 |
|
|a rus
|
| 102 |
|
|
|a RU
|
| 105 |
|
|
|a y z 000zy
|
| 200 |
1 |
|
|a Космические исследования
|f М. В. Келдыш, М. Я. Маров
|g Академия наук СССР (АН СССР), Институт прикладной математики им. М. В. Келдыша (ИПМ)
|
| 210 |
|
|
|a Москва
|c Наука
|d 1981
|
| 215 |
|
|
|a 191 с.
|c ил., 2 л. ил.
|d 22 см.
|
| 610 |
1 |
|
|a космическое пространство
|
| 610 |
1 |
|
|a исследование
|
| 610 |
1 |
|
|a космические исследования
|
| 610 |
1 |
|
|a космическая техника
|
| 610 |
1 |
|
|a искусственные спутники
|
| 610 |
1 |
|
|a магнитосфера
|
| 610 |
1 |
|
|a Луна
|
| 610 |
1 |
|
|a полеты
|
| 610 |
1 |
|
|a планеты
|
| 610 |
1 |
|
|a физика
|
| 610 |
1 |
|
|a пилотируемые полеты
|
| 610 |
1 |
|
|a использование в мирных целях
|
| 610 |
1 |
|
|a международное сотрудничество
|
| 675 |
|
|
|a 629.78
|z rus
|
| 686 |
|
|
|a 39.6
|2 rubbk
|
| 700 |
|
1 |
|a Келдыш
|b М. В.
|g Мстислав Всеволодович
|4 070
|
| 701 |
|
1 |
|a Маров
|b М. Я.
|g Михаил Яковлевич
|4 070
|
| 712 |
0 |
2 |
|a Академия наук СССР (АН СССР)
|b Институт прикладной математики им. М. В. Келдыша (ИПМ)
|c (Москва)
|2 stltpush
|3 (RuTPU)RU\TPU\col\12475
|
| 801 |
|
0 |
|a RU
|b RuMRKP
|c 19950704
|g psbo
|
| 801 |
|
1 |
|a RU
|b 63413507
|c 20110324
|
| 801 |
|
2 |
|a RU
|b 63413507
|c 20110523
|g RCR
|
| 942 |
|
|
|c BK
|